01550cam a22003734i 4500003000900000005001700009008004100026020001500067035002700082040003300109082002300142100004300165245004600208250000500254264007100259300003700330336002100367337002500388338002300413504002800436505055500464526001001019526001001029526001001039526001001049526000801059526000801067526000801075526000801083526000801091526000801099526000801107630006101115PE-LiUPU20250731173123.0150623s r 000 0 d a0828003718 a(Sirsi) i9780828003711 aPE-LiUPUbspacPE-LiUPUerda04a224.5 066bK422211 aKeough, George Arthur,d1909-,eautor.10aLet Daniel speak /cGeorge Arthur Keough. b 1aWashington, DC :bReview and Herald Publishing Association,c1986. a141 páginas ;c20centímetros atext2rdacontent aunmediated2rdamedia avolume2rdacarrier aIncluye bibliografía.0 aProphecy: God Communicates with men through prophets. Babylonian exile: God disciplines his people. The goal of history: God's eternal kingdom. A lesson from history: our God is able. A king is humbled: The measure of true greatness. Handwriting on the wall: consequences of persistent wrongdoing. A den of lions: safety in rightdoing. Worldly powers and a heavenly court. Prophetic update: a matter of time. Daniel prays: God adds further light. A vision of Christ: activity behind the scenes. Prophecy without symbols. "Then the end will come. aSEG42 aSEG41 aSEG40 aSEG39 aP94 aP87 aP86 aP85 aP77 aP76 aP35 aBiblia.pA.T.pDanielxCrítica, interpretación, etc.